Statistiken für Fünf größte Städte in deutschsprachigen Ländern

Klicken Sie hier um das Quiz zu spielen!

Allgemein

  • Dieses Quiz wurde 77 mal gespielt
    (48 seit der letzten Aktualisierung)
  • Das Durchschnittsergebnis liegt bei 20 aus 30

Antwortstatistiken

LandPopulationCity% Korrekt
Luxemburg76,420Luxemburg
100%
Schweiz133,883Bern
100%
Österreich1,812,605Wien
98%
Österreich146,631Salzburg
98%
Schweiz415,367Zürich
96%
Deutschland3,644,826Berlin
96%
Deutschland1,841,179Hamburg
96%
Deutschland1,471,508München
96%
Deutschland1,085,664Köln
96%
Liechtenstein5,668Vaduz
93%
Deutschland753,056Frankfurt
93%
Österreich124,579Innsbruck
91%
Schweiz177,654Basel
87%
Österreich269,997Graz
84%
Österreich193,814Linz
80%
Schweiz81,691Luzern
53%
Schweiz111,851Winterthur
42%
Liechtenstein5,230Triesen
40%
Liechtenstein4,628Balzers
40%
Liechtenstein4,459Eschen
40%
Luxemburg28,000Esch-sur-Alzette
40%
Luxemburg19,005Differdange
40%
Luxemburg17,618Dudelange
40%
Luxemburg7,364Ettelbruck
40%
Liechtenstein5,998Schaan
40%
Belgien5,695Lontzen
36%
Belgien9,661St. Vith
36%
Belgien1,0611Raeren
36%
Belgien11,061Kelmis
36%
Belgien19,526Eupen
36%

Verteilung der Resultate

Perzentil nach korrekt beantworteten Fragen

Anzahl Personen mit jedem Resultat

Ihre Resultats-Entwicklung

Sie haben dieses Quiz seit der letzten Aktualisierung nicht gespielt